Vegetable crops (Record no. 42659)

MARC details
000 -LEADER
fixed length control field 00343nam a2200133Ia 4500
020 ## - INTERNATIONAL STANDARD BOOK NUMBER
ISBN 0139569960
082 ## - DEWEY DECIMAL CLASSIFICATION NUMBER
Classification number 635.1/.8
Item number DEC
100 ## - MAIN ENTRY--AUTHOR NAME
Personal name Decoteau, Dennis R
245 #0 - TITLE STATEMENT
Title Vegetable crops
260 ## - PUBLICATION, DISTRIBUTION, ETC. (IMPRINT)
Place of publication New Jersey
Name of publisher Prentice Hall
Year of publication 2000
650 ## - SUBJECT ADDED ENTRY--TOPICAL TERM
Topical Term Vegetable crops cultivation
942 ## - ADDED ENTRY ELEMENTS (KOHA)
Koha item type Books
Holdings
Withdrawn status Lost status Damaged status Not for loan Home library Current library Date acquired Cost, normal purchase price Full call number Accession Number Koha item type
        RRII Library RRII Library 16/12/2021 110.60 635.1/.8 DEC 22927 Books